Eastern Utah Libraries Catalog: Duchesne, Heber, Roosevelt, & Vernal

Liberty and its price (Record no. 268828)

MARC details
000 -LEADER
fixed length control field 02603nim a2200469Ia 4500
001 - CONTROL NUMBER
control field ocn259951615
003 - CONTROL NUMBER IDENTIFIER
control field OCoLC
005 - DATE AND TIME OF LATEST TRANSACTION
control field 20200320182931.0
007 - PHYSICAL DESCRIPTION FIXED FIELD--GENERAL INFORMATION
fixed length control field sd fungnn|||eu
008 - FIXED-LENGTH DATA ELEMENTS--GENERAL INFORMATION
fixed length control field 081003s2008 mdunnnn r l n eng d
020 ## - INTERNATIONAL STANDARD BOOK NUMBER
International Standard Book Number 9781436141604 (set) :
Terms of availability $98.75
020 ## - INTERNATIONAL STANDARD BOOK NUMBER
International Standard Book Number 1436141605 (set) :
Terms of availability $98.75
020 ## - INTERNATIONAL STANDARD BOOK NUMBER
International Standard Book Number 9781436141611 (booklet)
020 ## - INTERNATIONAL STANDARD BOOK NUMBER
International Standard Book Number 1436141613 (booklet)
020 ## - INTERNATIONAL STANDARD BOOK NUMBER
Terms of availability 98.75
028 02 - PUBLISHER NUMBER
Publisher number UC127
Source Recorded Books
029 1# - (OCLC)
OCLC library identifier RECBX
System control number ruc00000127
035 ## - SYSTEM CONTROL NUMBER
System control number (OCoLC)259951615
040 ## - CATALOGING SOURCE
Original cataloging agency OCO
Transcribing agency OCO
Modifying agency RECBX
-- WACOL
049 ## - LOCAL HOLDINGS (OCLC)
Holding library WACL
082 04 - DEWEY DECIMAL CLASSIFICATION NUMBER
Classification number 944.04
Edition number 22
092 ## - LOCALLY ASSIGNED DEWEY CALL NUMBER (OCLC)
Classification number CD 944.04
Item number Sut
100 1# - MAIN ENTRY--PERSONAL NAME
Personal name Sutherland, Donald
Fuller form of name (Donald M. G.)
9 (RLIN) 5847369
245 10 - TITLE STATEMENT
Title Liberty and its price
Medium [sound recording] :
Remainder of title understanding the French Revolution /
Statement of responsibility, etc by Donald M.G. Sutherland.
260 ## - PUBLICATION, DISTRIBUTION, ETC. (IMPRINT)
Place of publication, distribution, etc Prince Frederick, MD :
Name of publisher, distributor, etc Recorded Books,
Date of publication, distribution, etc p2008.
300 ## - PHYSICAL DESCRIPTION
Extent 7 sound discs :
Other physical details digital ;
Dimensions 4 3/4 in. +
Accompanying material 1 booklet (72 p. : ill. (some col.) ; 22 cm.)
440 #4 - SERIES STATEMENT/ADDED ENTRY--TITLE
Title The modern scholar
9 (RLIN) 5847370
511 0# - PARTICIPANT OR PERFORMER NOTE
Participant or performer note Professor Donald M.G. Sutherland.
500 ## - GENERAL NOTE
General note "14 lectures, 7 compact discs"--Container.
500 ## - GENERAL NOTE
General note Accompanying course guide includes bibliographical references.
500 ## - GENERAL NOTE
General note Compact disc.
520 ## - SUMMARY, ETC.
Summary, etc Examines how massive counterrevolutionary movements profoundly affected the course of the Revolution, leading to the failure of constitutional government and, ultimately, to an elitist dictatorship (in the person of Napoleon Bonaparte) that paved the way for many of the struggles of the nineteenth century. Also explained is how the revolution's effects varied greatly according to regional economies, social structures, and religious affiliations.
505 0# - FORMATTED CONTENTS NOTE
Formatted contents note Definition of revolution -- Revolution of elites -- Popular revolution -- restructuring and early opposition -- War revolutionizes the revolution -- Massacres and republic -- Death of a king -- Terror -- Thermidor or the failure of law -- The directory and victory -- The road to Brumaire -- Formation of a dictatorship -- Empire -- Disaster.
651 #0 - SUBJECT ADDED ENTRY--GEOGRAPHIC NAME
Geographic name France
General subdivision History
Chronological subdivision Revolution, 1789-1799.
9 (RLIN) 84303
710 2# - ADDED ENTRY--CORPORATE NAME
Corporate name or jurisdiction name as entry element Recorded Books, Inc.
9 (RLIN) 60865
856 42 - ELECTRONIC LOCATION AND ACCESS
Materials specified Additional course materials
Uniform Resource Identifier <a href="http://www.modernscholar.com">http://www.modernscholar.com</a>
Public note Password required for access, see container
938 ## -
-- Recorded Books
-- RECB
-- ruc00000127
942 ## - ADDED ENTRY ELEMENTS (KOHA)
Koha item type CD
948 ## - LOCAL PROCESSING INFORMATION (OCLC); SERIES PART DESIGNATOR (RLIN)
Series part designator, SPT (RLIN) 11/22/2008
z (OCLC) Sirsi
994 ## -
-- 02
-- WACOL
996 ## -
-- 67051
-- 34301000787285
-- CD
-- CD
-- wcl
-- i
-- 11
-- 98.75
-- .CIRCNOTE. 7 discs; 1 book
-- .PUBLIC. 7 discs; 1 book
-- Recorded Books
-- 944.04 Sut
-- 11/24/2008
-- 08/07/2017
-- 07/22/2017
Holdings
Withdrawn status Lost status Source of classification or shelving scheme Materials specified (bound volume or other part) Damaged status Not for loan Collection code Home library Current library Shelving location Date acquired Source of acquisition Cost, normal purchase price Total Checkouts Full call number Barcode Date last seen Date checked out Cost, replacement price Price effective from Koha item type Public note
    Dewey Decimal Classification .CIRCNOTE. 7 discs; 1 book     Audiobooks Wasatch County Library Wasatch County Library Second Floor 11/24/2008   98.75 11 CD 944.04 Sut 34301000787285 07/18/2024 07/22/2017 98.75 03/20/2020 Audiobook on CD .PUBLIC. 7 discs; 1 book
This project was made possible through a grant from the Institute of Museum and Library Service administered by the Utah State Library Division.

Wasatch County Library

  • 465 East 1200 South, Heber City, Utah 84032
  • Phone 435-654-1511 | Fax 435-654-6456

Hours

  • Monday - Friday 9:30 AM - 8:00 PM
  • Saturday 9:30 AM - 1:30 PM
  • Closed Sundays and Holidays